Perfect Squares (forward) - Statistics

General Stats
  • This quiz has been taken 226 times
  • The average score is 17 of 25
Answer Stats
x x^2 % Correct
2 4
86%
1 1
81%
10 100
81%
4 16
81%
5 25
81%
6 36
81%
8 64
81%
9 81
81%
3 9
81%
7 49
71%
25 625
71%
11 121
67%
12 144
67%
13 169
67%
17 289
67%
19 361
67%
20 400
67%
22 484
67%
15 225
62%
16 256
57%
23 529
57%
24 576
57%
21 441
52%
14 196
48%
18 324
48%
No matching quizzes found
Score Distribution
Percent of People with Each Score
Percentile by Number Answered
Your Score History
You have not taken this quiz